|
|
|
|
| LEADER |
00853nam a22002417a 4500 |
| 001 |
AAL5657 |
| 003 |
BD-DhAAL |
| 005 |
20160116184858.0 |
| 008 |
160116s 1987ii a|||| |||| 00| 0 eng d |
| 020 |
|
|
|a 8120305647
|
| 040 |
|
|
|a BD-DhAAL
|c BD-DhAAL
|
| 082 |
|
|
|a 428.2/461
|
| 100 |
|
|
|a Dixson, Robert James
|9 17415
|
| 245 |
|
|
|a Complete course in English /
|c Robert James Dixson
|
| 250 |
|
|
|a Rev. ed
|
| 260 |
|
|
|a New Delhi :
|b Prentice-Hall of India,
|c 1987.
|
| 300 |
|
|
|a vi, 165 p. :
|b ill. ;
|c 22 cm.
|
| 541 |
|
|
|e 5657
|
| 650 |
|
|
|a English language
|v Spanish.
|x Textbooks for foreign speakers
|9 17416
|
| 650 |
|
|
|a English language.
|9 17417
|
| 942 |
|
|
|2 ddc
|c BK
|
| 999 |
|
|
|c 36631
|d 36631
|
| 952 |
|
|
|0 0
|1 0
|2 ddc
|4 0
|6 428_200000000000000_461_DIX
|7 0
|9 57625
|a SCL
|b SCL
|c GEN
|d 2016-01-16
|g 60.00
|l 1
|o 428.2461 DIX
|p 3020005657
|r 2021-04-07
|s 2021-04-07
|t 1
|w 2016-01-16
|y BK
|